The noble scholar, jurist, historian


 His Excellency Dr. Abdul Wahhab bin Ibrahim Abu Sulaiman, may Allah have mercy on him.


 He was born in Umm Al-Qura in the year 1356 AH.

كتاب فضائل القرآن ومعالمه وآدابه / (Record no. 13574)

MARC details
000 -LEADER
fixed length control field 01388ctm a2200289 i 4500
003 - CONTROL NUMBER IDENTIFIER
control field SA-RiAUC
005 - DATE AND TIME OF LATEST TRANSACTION
control field 20251216140920.0
008 - FIXED-LENGTH DATA ELEMENTS--GENERAL INFORMATION
fixed length control field 251208s1972 su f m 000 0 ara c
040 ## - CATALOGING SOURCE
Original cataloging agency SA-JeALM
Language of cataloging ara
Transcribing agency SA-RiAUC
Description conventions rda
082 04 - DEWEY DECIMAL CLASSIFICATION NUMBER
Classification number 229.2
090 ## - LOCALLY ASSIGNED LC-TYPE CALL NUMBER (OCLC); LOCAL CALL NUMBER (RLIN)
Classification number (OCLC) (R) ; Classification number, CALL (RLIN) (NR) ر 229.2
Local cutter number (OCLC) ; Book number/undivided call number, CALL (RLIN) ج و هـ
100 1# - MAIN ENTRY--PERSONAL NAME
Personal name جوهري، محمد تجاني.
Relator term مؤلف.
245 10 - TITLE STATEMENT
Title كتاب فضائل القرآن ومعالمه وآدابه /
Statement of responsibility, etc. تأليف الإمام أبو عبيد القاسم بن سلام الهروي البغدادي ؛ إعداد محمد تجاني جوهري ؛ إشراف مصطفى الأعظمي.
246 30 - VARYING FORM OF TITLE
Title proper/short title فضائل القرآن ومعالمه وآدابه
264 #0 - PRODUCTION, PUBLICATION, DISTRIBUTION, MANUFACTURE, AND COPYRIGHT NOTICE
Place of production, publication, distribution, manufacture مكة المكرمة :
Name of producer, publisher, distributor, manufacturer جامعة الملك عبدالعزيز
Date of production, publication, distribution, manufacture, or copyright notice 1973
300 ## - PHYSICAL DESCRIPTION
Extent 400 ورقة ؛
Dimensions 30 سم
336 ## - CONTENT TYPE
Content type term نص
Content type code txt
Source rdacontent
Materials specified أطروحة
337 ## - MEDIA TYPE
Media type term بدون وسيط
Media type code n
Source rdamedia
338 ## - CARRIER TYPE
Carrier type term مجلد
Carrier type code nc
Source rdacarrier
500 ## - GENERAL NOTE
General note أطروحة (ماجستير)-جامعة أم القرى، 1393 هجري.
502 ## - DISSERTATION NOTE
Dissertation note أطروحة (ماجستير)-جامعة أم القرى، 1393 هجري.
630 27 - SUBJECT ADDED ENTRY--UNIFORM TITLE
Uniform title القرآن
General subdivision فضائل
Source of heading or term aucut
700 1# - ADDED ENTRY--PERSONAL NAME
Personal name أبو عبيد، القاسم بن سلام،
Dates associated with a name 157-224 هجري
Relator term مؤلف.
700 ## - ADDED ENTRY--PERSONAL NAME
Personal name الأعظمي, مصطفى.
Relator term إشراف.
942 ## - ADDED ENTRY ELEMENTS (KOHA)
Source of classification or shelving scheme Dewey Decimal Classification
Koha item type رسالة علمية
Suppress in OPAC No
949 ## - LOCAL PROCESSING INFORMATION (OCLC)
a SA-JeALM
d 251208
u mohamedma123
n 1
Holdings
Withdrawn status Lost status Source of classification or shelving scheme Damaged status Not for loan Home library Current library Date acquired Total checkouts Full call number Barcode Date last seen Price effective from Koha item type
    Dewey Decimal Classification     DR AbdElwahab Library DR AbdElwahab Library 12/16/2025   ر 229.2 ج و هـ 000021596 12/16/2025 12/16/2025 رسالة علمية